00730nam a2200181 a 450000100100000000500170001000800410002702000150006804000250008308200160010810000380012424501270016226000640028930000280035370000360038195201140041799900170053100001708720200929165021.0100317s2003 dr r 000 0 spa d a9993424102 aDO-SdBNPbspacBNPHU axxxxbV483d1 aVerdejo, Miguel expósito93767910aDiagnóstico rural participativo :buna guía práctica /cMiguel expósito Verdejo ; ilustración Emilio J. Hidalgo. aSanto Domingo :bCentro Cultural Proveda,c2003.fMayobanex a118 p. :bil. ;c27 cm.1 aHidalgo, Emilio J.,eil.937680 0010718PDaPDbPDcCTd2010-03-17iLF1l0oxxxx V483dp17087-10r2020-06-25w2020-06-25yLFPDZNo se presta c16613d16613